000 00492nam a2200181Ia 4500
008 230917s9999||||xx |||||||||||||| ||und||
020 _cRS 989.00
040 _e5001758
_aMAIN
041 _aEnglish
082 _a570 K914B(5)
100 _aKrogh, David
245 0 _aBiology: A guide to the natural world
250 _a5th ed.
260 _aNoida
_bPearson India Education Services
_c2017
300 _axi, 807 p.
500 _a3720 03/12/2019 HBD19/8082 19/12/2019 Main Budget
942 _cBK
999 _c87
_d87